Eastern Utah Libraries Catalog: Duchesne, Heber, Roosevelt, & Vernal

Plague at the Golden Gate / (Record no. 375873)

MARC details
000 -LEADER
fixed length control field 04336cgm a2200961 i 4500
001 - CONTROL NUMBER
control field on1313562424
003 - CONTROL NUMBER IDENTIFIER
control field OCoLC
005 - DATE AND TIME OF LATEST TRANSACTION
control field 20220729134348.0
007 - PHYSICAL DESCRIPTION FIXED FIELD--GENERAL INFORMATION
fixed length control field vd mvaizq
008 - FIXED-LENGTH DATA ELEMENTS--GENERAL INFORMATION
fixed length control field 220502s2022 vau110 vleng d
040 ## - CATALOGING SOURCE
Original cataloging agency TEFMT
Language of cataloging eng
Description conventions rda
Transcribing agency TEFMT
Modifying agency TEF
-- OCLCQ
-- CPL
-- OCLCF
-- WC4
-- JQW
-- TJT
-- WACOL
019 ## -
-- 1322238131
020 ## - INTERNATIONAL STANDARD BOOK NUMBER
International Standard Book Number 9781531714550
020 ## - INTERNATIONAL STANDARD BOOK NUMBER
International Standard Book Number 1531714552
024 1# - OTHER STANDARD IDENTIFIER
Standard number or code 841887046305
028 42 - PUBLISHER NUMBER
Publisher number AE62105
Source PBS
035 ## - SYSTEM CONTROL NUMBER
System control number (OCoLC)1313562424
Canceled/invalid control number (OCoLC)1322238131
037 ## - SOURCE OF ACQUISITION
Source of stock number/acquisition Midwest Tape
Note http://www.midwesttapes.com
043 ## - GEOGRAPHIC AREA CODE
Geographic area code n-us-ca
050 #4 - LIBRARY OF CONGRESS CALL NUMBER
Classification number RC176.C2
Item number P595 2022
082 04 - DEWEY DECIMAL CLASSIFICATION NUMBER
Classification number 616.9/23200979461
Edition number 23
092 ## - LOCALLY ASSIGNED DEWEY CALL NUMBER (OCLC)
Classification number 616.9 dvd
Item number Plague
049 ## - LOCAL HOLDINGS (OCLC)
Holding library WACL
245 00 - TITLE STATEMENT
Title Plague at the Golden Gate /
Statement of responsibility, etc a Flash Cuts production for American experience ; produced and directed by Li-Shin Yu ; written by Susan Kim ; produced by James Q. Chan.
250 ## - EDITION STATEMENT
Edition statement Widescreen.
264 #1 - Production, Publication, Distribution, Manufacture, and Copyright Notice.
Place of production, publication, distribution, manufacture [Arlington, Virginia] :
Name of producer, publisher, distributor, manufacturer PBS,
Date of production, publication, distribution, manufacture, or copyr [2022]
264 #2 - Production, Publication, Distribution, Manufacture, and Copyright Notice.
Place of production, publication, distribution, manufacture [Arlington, Virginia] :
Name of producer, publisher, distributor, manufacturer Distributed by PBS Distribution,
Date of production, publication, distribution, manufacture, or copyr [2022]
264 #4 - Production, Publication, Distribution, Manufacture, and Copyright Notice.
Date of production, publication, distribution, manufacture, or copyr �2022
300 ## - PHYSICAL DESCRIPTION
Extent 1 videodisc (approx. 110 min.) :
Other physical details sound, color with black and white sequences ;
Dimensions 4 3/4 in.
336 ## - Content Type
Content type term two-dimensional moving image
337 ## - Media type
Media type term video
338 ## - Carrier type
Carrier type term videodisc
344 ## -
-- digital
-- rdatr
344 ## -
-- optical
-- rdarm
344 ## -
-- stereo
-- rdacpc
346 ## -
-- NTSC
-- rdabs
347 ## -
-- video file
-- rdaft
347 ## -
-- DVD video
347 ## -
-- Region 1
-- rdare
380 ## -
-- Television programs
-- lcgft
538 ## - SYSTEM DETAILS NOTE
System details note DVD; NTSC, Region 1; widescreen presentation; stereo; [color, B&W]
546 ## - LANGUAGE NOTE
Language note English audio; English SDH subtitles for the deaf and hard of hearing.
500 ## - GENERAL NOTE
General note Documentary.
511 0# - PARTICIPANT OR PERFORMER NOTE
Participant or performer note Narrator, Lea Salonga.
508 ## - CREATION/PRODUCTION CREDITS NOTE
Creation/production credits note Composer of original music, Vivek Maddala.
500 ## - GENERAL NOTE
General note Originally produced as an episode of the television series: American experience.
500 ## - GENERAL NOTE
General note Wide screen (16x9).
500 ## - GENERAL NOTE
General note Running time indicated on container: approximately 110 minutes; actual running time: 114 minutes.
520 ## - SUMMARY, ETC.
Summary, etc Discover how the 1900 outbreak of bubonic plague set off fear and anti-Asian sentiment in San Francisco.
521 ## - TARGET AUDIENCE NOTE
Target audience note dvd
Source micromarketing
650 #0 - SUBJECT ADDED ENTRY--TOPICAL TERM
Topical term or geographic name as entry element Plague
Geographic subdivision California
-- San Francisco
General subdivision History
Chronological subdivision 20th century.
9 (RLIN) 6452463
650 #0 - SUBJECT ADDED ENTRY--TOPICAL TERM
Topical term or geographic name as entry element Chinese Americans
General subdivision Social conditions
Chronological subdivision 20th century.
9 (RLIN) 6452464
650 #0 - SUBJECT ADDED ENTRY--TOPICAL TERM
Topical term or geographic name as entry element Chinese Americans
General subdivision History
Chronological subdivision 20th century.
9 (RLIN) 6452465
650 #0 - SUBJECT ADDED ENTRY--TOPICAL TERM
Topical term or geographic name as entry element Race discrimination
Geographic subdivision California
-- San Francisco
General subdivision History
Chronological subdivision 20th century.
9 (RLIN) 6452466
650 #7 - SUBJECT ADDED ENTRY--TOPICAL TERM
Topical term or geographic name as entry element Chinese Americans.
Source of heading or term fast
-- (OCoLC)fst00857249
650 #7 - SUBJECT ADDED ENTRY--TOPICAL TERM
Topical term or geographic name as entry element Plague.
Source of heading or term fast
-- (OCoLC)fst01065045
650 #7 - SUBJECT ADDED ENTRY--TOPICAL TERM
Topical term or geographic name as entry element Race discrimination.
Source of heading or term fast
-- (OCoLC)fst01086465
651 #7 - SUBJECT ADDED ENTRY--GEOGRAPHIC NAME
Geographic name California
Geographic subdivision San Francisco.
Source of heading or term fast
-- (OCoLC)fst01204481
9 (RLIN) 5706539
651 #7 - SUBJECT ADDED ENTRY--GEOGRAPHIC NAME
Geographic name United States.
Source of heading or term fast
-- (OCoLC)fst01204155
648 #7 - SUBJECT ADDED ENTRY--CHRONOLOGICAL TERM
Chronological term 1900-1999
Source of heading or term fast
9 (RLIN) 5675279
655 #0 - INDEX TERM--GENRE/FORM
Genre/form data or focus term DVD-Video discs.
655 #7 - INDEX TERM--GENRE/FORM
Genre/form data or focus term Documentary television programs.
Source of term fast
-- (OCoLC)fst01710387
655 #7 - INDEX TERM--GENRE/FORM
Genre/form data or focus term Historical television programs.
Source of term fast
-- (OCoLC)fst01726125
655 #7 - INDEX TERM--GENRE/FORM
Genre/form data or focus term History.
Source of term fast
-- (OCoLC)fst01411628
9 (RLIN) 5675940
655 #7 - INDEX TERM--GENRE/FORM
Genre/form data or focus term Nonfiction television programs.
Source of term fast
-- (OCoLC)fst01710270
9 (RLIN) 5674022
655 #7 - INDEX TERM--GENRE/FORM
Genre/form data or focus term Documentary television programs.
Source of term lcgft
655 #7 - INDEX TERM--GENRE/FORM
Genre/form data or focus term Historical television programs.
Source of term lcgft
655 #7 - INDEX TERM--GENRE/FORM
Genre/form data or focus term Nonfiction television programs.
Source of term lcgft
9 (RLIN) 5674022
655 #7 - INDEX TERM--GENRE/FORM
Genre/form data or focus term Video recordings for the hearing impaired.
Source of term lcgft
700 1# - ADDED ENTRY--PERSONAL NAME
Personal name Yu, Li-Shin,
Relator term television director,
-- television producer.
9 (RLIN) 6452467
700 1# - ADDED ENTRY--PERSONAL NAME
Personal name Kim, Susan,
Dates associated with a name 1958-
Relator term screenwriter.
9 (RLIN) 5852365
700 1# - ADDED ENTRY--PERSONAL NAME
Personal name Bellows, Susan,
Relator term television producer.
9 (RLIN) 6452468
700 1# - ADDED ENTRY--PERSONAL NAME
Personal name Chan, James Q.,
Relator term television producer
9 (RLIN) 6452469
700 1# - ADDED ENTRY--PERSONAL NAME
Personal name Salonga, Lea,
Relator term narrator.
9 (RLIN) 40101
700 1# - ADDED ENTRY--PERSONAL NAME
Personal name Maddala, Vivek,
Relator term composer.
9 (RLIN) 6452470
700 1# - ADDED ENTRY--PERSONAL NAME
Personal name Randall, David K.
Title of a work Black Death at the Golden Gate.
9 (RLIN) 6452471
710 2# - ADDED ENTRY--CORPORATE NAME
Corporate name or jurisdiction name as entry element Flash Cuts (Firm),
Relator term production company.
9 (RLIN) 6452472
710 2# - ADDED ENTRY--CORPORATE NAME
Corporate name or jurisdiction name as entry element Public Broadcasting Service (U.S.),
Relator term publisher.
9 (RLIN) 27534
710 2# - ADDED ENTRY--CORPORATE NAME
Corporate name or jurisdiction name as entry element PBS Distribution (Firm),
Relator term film distributor.
9 (RLIN) 5675827
730 0# - ADDED ENTRY--UNIFORM TITLE
Uniform title American experience (Television program)
9 (RLIN) 36274
856 7# - ELECTRONIC LOCATION AND ACCESS
Materials specified View cover art
Uniform Resource Identifier <a href="https://thumbnail.midwesttape.com/14869581_180.jpg">https://thumbnail.midwesttape.com/14869581_180.jpg</a>
Access method https
994 ## -
-- C0
-- WACOL
Holdings
Withdrawn status Lost status Source of classification or shelving scheme Damaged status Not for loan Collection code Home library Current library Shelving location Date acquired Source of acquisition Total Checkouts Total Renewals Full call number Barcode Date last seen Date checked out Cost, replacement price Price effective from Koha item type
    Dewey Decimal Classification     Movies Wasatch County Library Wasatch County Library Audio Visual Area 07/30/2022 Micromarketing 5 5 DVD 616.9 Pla 34301001893330 03/07/2024 10/14/2022 19.99 07/30/2022 DVD
This project was made possible through a grant from the Institute of Museum and Library Service administered by the Utah State Library Division.

Wasatch County Library

  • 465 East 1200 South, Heber City, Utah 84032
  • Phone 435-654-1511 | Fax 435-654-6456

Hours

  • Monday - Friday 9:30 AM - 8:00 PM
  • Saturday 9:30 AM - 1:30 PM
  • Closed Sundays and Holidays